| 000 | 02508nam0a2200373 i 4500 | ||
|---|---|---|---|
| 001 | RU\NLR\bibl\1924482 | ||
| 005 | 20260407093713.0 | ||
| 010 |
_a9785434300681 _9500 |
||
| 021 |
_aRU _b2012-45061 _93314 |
||
| 035 | _a(NLR Aleph) 001913903 | ||
| 090 |
_a3213767 _c3213767 |
||
| 100 | _a20120713d2011 k y0rusy50 ca | ||
| 101 | 0 | _arus | |
| 102 | _aRU | ||
| 105 | _aa ||||||||| | ||
| 200 | 1 |
_aСистема повышения квалификации педагогов дополнительного образования: теория и технологии _eпрактико-ориентированая монография _f[Т. К. Голушко, Н. Е. Копытова, Р. И. Кузьмин и др.] _gпод ред. д.п.н., проф. Л.Н. Макаровой, д.п.н., проф. И.А. Шаршова _gМ-во образования и науки Рос. Федерации, Федер. гос. бюджет. образоват. учреждение высш. проф. образования "Тамб. гос. ун-т им. Г.Р. Державина" |
|
| 210 |
_aТамбов _cБизнес - Наука - Общество _d2011 |
||
| 215 |
_a216 с. _d21 |
||
| 225 | 1 |
_aДополнительное образование _iПрофильное обучение |
|
| 320 | _aБиблиогр.: с. 206-212 (95 назв.) | ||
| 606 | 1 |
_aУчреждения дополнительного образования детей _xПреподаватели _xПовышение квалификации _xКомпетентностный подход _92113624 _3RU\NLR\auth\661580623 |
|
| 686 | _aЧ489.514(2)78 | ||
| 701 | 1 |
_aГолушко _bТ. К. _gТатьяна Константиновна _4070 |
|
| 701 | 1 |
_4070 _8rus _7ca _aКопытова _bН. Е. _gНаталья Евгеньевна _3RU\NLR\auth\7740625 _923576 |
|
| 701 | 1 |
_4070 _8rus _7ca _aКузьмин _bР. И. _cканд. пед. наук, поэт _f1981- _gРоман Игоревич _3RU\NLR\auth\7798717 _981643 |
|
| 702 | 1 |
_4340 _8rus _7ca _aМакарова _bЛ. Н. _cд-р пед. наук _f1955- _gЛюдмила Николаевна _3RU\NLR\auth\7728422 _911453 |
|
| 712 | 0 | 2 |
_4570 _aТамбовский государственный университет им. Г. Р. Державина _3RU\NLR\AUTH\889917219 _9330608 |
| 801 | 0 |
_aRU _bNLR _c20120713 _gRCR |
|
| 801 | 1 |
_aRU _bNLR _c20120713 |
|
| 830 | _aлица по базе | ||
| 942 | _cBOOK | ||
| 980 | _aNBR | ||